000 00428nam a2200157Ia 4500
005 20250508160354.0
008 008 250505s9999 xx 000 0 eng d
037 _aBooks to be hide in OPAC
040 _aFEDL
_beng
_cFEDL
041 _aeng
_2eng
084 _a150.72, TIN/O
_qFEDL
245 0 _aMethods in experimental psycology
300 _a232p.
942 _cHB
_h150.72, TIN/O
999 _c1364159
_d1364159